Integration of Neuroscience in Education

Integrácia neurovedy a neuromarketingu do vzdelávania ponúka inovatívny pohľad na samotný proces vzdelávania a zároveň otvára firmám nové možnosti vo vzdelávaní zamestnancov s cielenejšou personalizáciou toku informácií a predikciou ich možného profesionálneho rastu. Príspevok skúma vplyv neurovedec...

Description complète

Enregistré dans:
Détails bibliographiques
Auteur principal: Hanuláková, Eva, 1964-
Autres auteurs: Červenka, Peter, 1976-
Format: Chapitre de livre
Langue:anglais
Sujets:
Tags: Ajouter un tag
Pas de tags, Soyez le premier à ajouter un tag!

MARC

LEADER 00000naa$a2200000$$$4500
001 0306682
005 20250130102821.4
041 0 |a eng 
044 |a SK 
245 1 0 |a Integration of Neuroscience in Education  |c Eva Hanuláková, Peter Červenka 
520 |a Integrácia neurovedy a neuromarketingu do vzdelávania ponúka inovatívny pohľad na samotný proces vzdelávania a zároveň otvára firmám nové možnosti vo vzdelávaní zamestnancov s cielenejšou personalizáciou toku informácií a predikciou ich možného profesionálneho rastu. Príspevok skúma vplyv neurovedeckých princípov na oblasť vzdelávania a poskytuje pohľad na využitie neuromarketingových nástrojov vo vzdelávacom procese. 
610 2 0 |a neuroveda 
610 2 0 |a neuromarketing 
610 2 0 |a vzdelávanie elektronické 
100 1 |a Hanuláková, Eva, 1964- 
700 1 |a Červenka, Peter, 1976-